[Event "15th International Khazar Cup (Masters) 2017"]
[Site "Rasht,Guilan,Iran"]
[Date "2017.01.24"]
[Round "6"]
[Board "12"]
[White "Maghsoodloo, Parham"]
[Black "Nadimifar, Adnan"]
[Result "1-0"]
[WhiteElo "2584"]
[BlackElo "2150"]
[PlyCount "0"]
[EventDate "2017.01.20"]
[EventRounds "9"]
[EventCountry "IRI"]

1. d4 {[%clk 1:26:48]} Nf6 {[%clk 1:30:54]} 2. c4 {[%clk 1:27:13]} g6
{[%clk 1:31:19]} 3. f3 {[%clk 1:27:40]} Bg7 {[%clk 1:31:39]} 4. e4
{[%clk 1:27:46]} d6 {[%clk 1:32:01]} 5. Be3 {[%clk 1:26:50]} O-O {[%clk 1:32:23]}
6. Ne2 {[%clk 1:27:11]} c5 {[%clk 1:31:29]} 7. Qd2 {[%clk 1:27:06]} Nc6
{[%clk 1:31:28]} 8. d5 {[%clk 1:27:29]} Ne5 {[%clk 1:31:46]} 9. Nec3
{[%clk 1:27:53]} e6 {[%clk 1:31:59]} 10. Be2 {[%clk 1:27:33]} exd5
{[%clk 1:30:12]} 11. cxd5 {[%clk 1:28:00]} a6 {[%clk 1:30:30]} 12. a4 Re8
{[%clk 1:28:03]} 13. O-O {[%clk 1:27:19]} h5 {[%clk 1:27:30]} 14. Na3
{[%clk 1:26:20]} b6 {[%clk 1:22:23]} 15. h3 {[%clk 1:20:54]} Ned7
{[%clk 1:13:39]} 16. Bf4 {[%clk 1:09:49]} Nh7 {[%clk 1:04:59]} 17. Bxd6
{[%clk 1:01:16]} Ne5 {[%clk 1:05:03]} 18. Bxe5 {[%clk 1:01:13]} Bxe5
{[%clk 1:05:20]} 19. Nc4 {[%clk 0:57:31]} Bd4+ {[%clk 0:39:58]} 20. Kh2
{[%clk 0:56:55]} g5 {[%clk 0:38:42]} 21. f4 {[%clk 0:48:45]} Bxc3
{[%clk 0:35:11]} 22. bxc3 {[%clk 0:48:59]} Rxe4 {[%clk 0:35:36]} 23. Bd3
{[%clk 0:48:41]} Rxf4 {[%clk 0:33:43]} 24. Rxf4 {[%clk 0:48:58]} gxf4
{[%clk 0:34:11]} 25. Qxf4 {[%clk 0:48:13]} Ra7 {[%clk 0:33:47]} 26. Re1
{[%clk 0:48:14]} Nf8 {[%clk 0:32:15]} 27. Qg3+ {[%clk 0:47:51]} Kh8
{[%clk 0:31:55]} 28. Nd6 {[%clk 0:47:36]} h4 {[%clk 0:31:01]} 29. Qf4
{[%clk 0:47:53]} 1-0

[Event "15th International Khazar Cup (Masters) 2017"]
[Site "Rasht,Guilan,Iran"]
[Date "2017.01.24"]
[Round "6"]
[Board "13"]
[White "Tiviakov, Sergei"]
[Black "Rastbod, Ali"]
[Result "1/2-1/2"]
[WhiteElo "2601"]
[BlackElo "2262"]
[PlyCount "0"]
[EventDate "2017.01.20"]
[EventRounds "9"]
[EventCountry "IRI"]

1. e4 e6 {[%clk 1:23:53]} 2. d4 {[%clk 1:31:23]} d5 {[%clk 1:24:22]} 3. Nd2 Be7
4. Bd3 {[%clk 1:30:53]} c5 {[%clk 1:25:11]} 5. dxc5 {[%clk 1:31:07]} Nf6
{[%clk 1:25:35]} 6. Qe2 {[%clk 1:31:25]} O-O {[%clk 1:25:57]} 7. Ngf3
{[%clk 1:31:14]} a5 {[%clk 1:26:21]} 8. a4 {[%clk 1:27:51]} Na6 {[%clk 1:26:01]}
9. exd5 {[%clk 1:21:13]} exd5 {[%clk 1:23:22]} 10. Bxa6 {[%clk 1:09:16]} Rxa6
{[%clk 1:23:41]} 11. Nb3 {[%clk 1:09:38]} Ne4 {[%clk 1:14:38]} 12. Be3 Rg6
{[%clk 1:10:09]} 13. g3 {[%clk 0:42:14]} Re8 {[%clk 0:59:31]} 14. O-O-O
{[%clk 0:36:22]} Nxc5 {[%clk 0:44:12]} 15. Bxc5 {[%clk 0:36:31]} Bxc5
{[%clk 0:44:32]} 16. Rxd5 {[%clk 0:36:47]} Rd6 {[%clk 0:42:16]} 17. Re5
{[%clk 0:35:01]} Rxe5 {[%clk 0:40:35]} 18. Nxe5 {[%clk 0:35:21]} Bb6
{[%clk 0:33:29]} 19. Nc4 {[%clk 0:33:48]} Re6 {[%clk 0:32:23]} 20. Qd1
{[%clk 0:34:10]} h6 {[%clk 0:20:25]} 21. Nxb6 {[%clk 0:31:45]} Qxb6
{[%clk 0:18:40]} 22. Qd4 {[%clk 0:21:18]} Qc6 {[%clk 0:16:24]} 23. Rd1
{[%clk 0:21:42]} b6 {[%clk 0:16:51]} 24. Qd8+ {[%clk 0:12:43]} Re8
{[%clk 0:16:32]} 25. Nd4 {[%clk 0:13:01]} Qxa4 {[%clk 0:16:38]} 26. Qxb6
{[%clk 0:13:27]} Bg4 {[%clk 0:12:20]} 27. f3 {[%clk 0:13:53]} Bh5
{[%clk 0:12:11]} 28. Kb1 {[%clk 0:11:35]} Bg6 {[%clk 0:12:17]} 29. f4
{[%clk 0:11:18]} Rc8 {[%clk 0:11:02]} 30. Rd2 {[%clk 0:09:09]} Qe8
{[%clk 0:11:11]} 31. Re2 {[%clk 0:06:06]} Qd7 {[%clk 0:11:40]} 32. Rd2
{[%clk 0:04:56]} Qe8 {[%clk 0:12:09]} 33. Re2 {[%clk 0:04:52]} Qd7
{[%clk 0:12:39]} 34. Rf2 {[%clk 0:04:51]} Rc4 {[%clk 0:10:12]} 35. Rd2
{[%clk 0:04:46]} Bxc2+ {[%clk 0:08:36]} 1/2-1/2

[Event "15th International Khazar Cup (Masters) 2017"]
[Site "Rasht,Guilan,Iran"]
[Date "2017.01.24"]
[Round "6"]
[Board "14"]
[White "Sadeh, Shahin"]
[Black "Mosadeghpour, Masoud"]
[Result "1-0"]
[WhiteElo "2302"]
[BlackElo "2478"]
[PlyCount "0"]
[EventDate "2017.01.20"]
[EventRounds "9"]
[EventCountry "IRI"]

1. e4 {[%clk 1:25:47]} e5 {[%clk 1:27:49]} 2. Bc4 {[%clk 1:25:48]} Nf6
{[%clk 1:27:50]} 3. d3 {[%clk 1:26:10]} Nc6 {[%clk 1:27:45]} 4. Nf3
{[%clk 1:21:47]} Be7 {[%clk 1:28:00]} 5. h3 {[%clk 1:21:00]} O-O {[%clk 1:27:19]}
6. Nc3 {[%clk 1:19:36]} d6 {[%clk 1:25:51]} 7. a3 {[%clk 1:19:54]} Be6
{[%clk 1:25:05]} 8. Nd5 {[%clk 1:17:30]} Bxd5 {[%clk 1:24:03]} 9. exd5
{[%clk 1:17:50]} Nb8 {[%clk 1:24:29]} 10. O-O {[%clk 1:14:40]} Nbd7
{[%clk 1:24:15]} 11. Ba2 {[%clk 1:14:52]} Ne8 {[%clk 1:18:49]} 12. Qe2
{[%clk 0:57:41]} Kh8 {[%clk 1:12:37]} 13. d4 {[%clk 0:54:06]} Bf6
{[%clk 1:06:22]} 14. Be3 {[%clk 0:47:26]} g6 {[%clk 1:03:40]} 15. Rae1
{[%clk 0:42:37]} Ng7 {[%clk 1:02:03]} 16. g4 {[%clk 0:42:31]} Re8
{[%clk 0:57:33]} 17. dxe5 {[%clk 0:31:58]} dxe5 {[%clk 0:54:49]} 18. Qd2
{[%clk 0:31:06]} e4 {[%clk 0:49:13]} 19. Ng5 {[%clk 0:28:23]} Bxg5
{[%clk 0:46:06]} 20. Bxg5 {[%clk 0:28:51]} f6 {[%clk 0:46:30]} 21. Bf4
{[%clk 0:28:45]} Ne5 {[%clk 0:45:18]} 22. Bxe5 {[%clk 0:29:06]} Rxe5
{[%clk 0:45:44]} 23. f3 {[%clk 0:22:09]} exf3 {[%clk 0:30:48]} 24. Rxe5
{[%clk 0:22:34]} fxe5 {[%clk 0:31:14]} 25. Rxf3 {[%clk 0:23:01]} Qd6
{[%clk 0:28:02]} 26. Qb4 {[%clk 0:22:00]} Qxb4 {[%clk 0:05:47]} 27. axb4
{[%clk 0:22:28]} Ne8 {[%clk 0:04:56]} 28. Rf7 {[%clk 0:20:28]} e4
{[%clk 0:03:14]} 29. Kf2 {[%clk 0:16:07]} Rc8 {[%clk 0:00:54]} 30. c4
{[%clk 0:14:09]} Nd6 {[%clk 0:01:00]} 31. Re7 {[%clk 0:11:39]} Rf8+
{[%clk 0:01:25]} 32. Ke2 {[%clk 0:09:44]} Rf7 {[%clk 0:01:50]} 33. Re6
{[%clk 0:10:01]} Kg7 {[%clk 0:00:44]} 34. c5 {[%clk 0:10:27]} Nc8
{[%clk 0:01:02]} 35. Rxe4 {[%clk 0:10:04]} Re7 {[%clk 0:01:09]} 36. Rxe7+
{[%clk 0:07:28]} Nxe7 {[%clk 0:01:38]} 37. d6 {[%clk 0:07:51]} cxd6
{[%clk 0:01:41]} 38. cxd6 {[%clk 0:08:20]} Nc6 {[%clk 0:01:59]} 39. b5
{[%clk 0:08:27]} Ne5 {[%clk 0:00:32]} 40. g5 {[%clk 0:08:44]} Nf7
{[%clk 0:00:32]} 41. d7 {[%clk 0:08:14]} Nd8 {[%clk 0:01:01]} 42. Ke3
{[%clk 0:07:30]} Kf8 {[%clk 0:01:22]} 43. h4 {[%clk 0:07:55]} a6 {[%clk 0:00:49]}
44. bxa6 {[%clk 0:07:24]} bxa6 {[%clk 0:01:18]} 45. Bd5 {[%clk 0:07:44]} a5
{[%clk 0:01:13]} 46. b3 {[%clk 0:07:32]} Ke7 {[%clk 0:01:15]} 47. Bg8
{[%clk 0:07:59]} Nc6 {[%clk 0:01:03]} 48. Ke4 {[%clk 0:06:00]} Kf8
{[%clk 0:00:32]} 49. Bxh7 {[%clk 0:04:38]} Kg7 {[%clk 0:00:57]} 50. Kd5
{[%clk 0:04:55]} Nd8 {[%clk 0:01:17]} 51. Bxg6 {[%clk 0:04:58]} Kxg6
{[%clk 0:01:42]} 52. Kc5 {[%clk 0:05:00]} Kf7 {[%clk 0:01:35]} 53. Kb6
{[%clk 0:05:20]} Ke7 {[%clk 0:00:31]} 54. Kc7 {[%clk 0:05:27]} Ne6+
{[%clk 0:00:49]} 55. Kc8 {[%clk 0:05:51]} Nd8 {[%clk 0:01:13]} 56. g6
{[%clk 0:05:56]} 1-0

[Event "15th International Khazar Cup (Masters) 2017"]
[Site "Rasht,Guilan,Iran"]
[Date "2017.01.25"]
[Round "7"]
[Board "1"]
[White "Lorparizangeneh, Shahin"]
[Black "Tabatabaei, M.Amin"]
[Result "1/2-1/2"]
[WhiteElo "2504"]
[BlackElo "2493"]
[PlyCount "0"]
[EventDate "2017.01.20"]
[EventRounds "9"]
[EventCountry "IRI"]

1. e4 {[%clk 1:30:12]} e6 {[%clk 1:30:54]} 2. d4 {[%clk 1:30:14]} d5
{[%clk 1:31:19]} 3. Nd2 {[%clk 1:30:42]} Be7 {[%clk 1:31:43]} 4. Bd3
{[%clk 1:30:56]} c5 {[%clk 1:32:06]} 5. dxc5 {[%clk 1:30:56]} Nf6
{[%clk 1:32:29]} 6. Qe2 {[%clk 1:31:18]} O-O {[%clk 1:32:48]} 7. Ngf3
{[%clk 1:31:46]} a5 {[%clk 1:33:10]} 8. O-O {[%clk 1:31:45]} Na6 {[%clk 1:33:35]}
9. e5 {[%clk 1:28:31]} Nd7 {[%clk 1:33:25]} 10. c4 {[%clk 1:28:57]} Naxc5
{[%clk 1:33:22]} 11. Bc2 {[%clk 1:28:00]} f6 {[%clk 1:29:51]} 12. cxd5
{[%clk 1:15:18]} exd5 {[%clk 1:29:50]} 13. e6 {[%clk 1:15:41]} Ne5
{[%clk 1:29:54]} 14. Nxe5 {[%clk 1:13:02]} fxe5 {[%clk 1:30:22]} 15. Qxe5
{[%clk 1:13:25]} Nxe6 {[%clk 1:20:44]} 16. Nf3 {[%clk 1:05:58]} Rxf3
{[%clk 1:15:08]} 17. gxf3 {[%clk 1:02:23]} Bd6 {[%clk 1:14:15]} 18. Qh5
{[%clk 0:55:23]} g6 {[%clk 1:14:22]} 19. Qh6 {[%clk 0:25:59]} Qf6
{[%clk 1:14:43]} 20. Bb3 {[%clk 0:25:00]} Qxf3 {[%clk 1:09:38]} 21. Bd1
{[%clk 0:24:29]} Qf6 {[%clk 1:05:43]} 22. f4 {[%clk 0:13:20]} Bd7
{[%clk 0:30:51]} 23. f5 {[%clk 0:13:45]} Rf8 {[%clk 0:23:24]} 24. Bd2
{[%clk 0:12:39]} Qxb2 {[%clk 0:10:13]} 25. Rc1 {[%clk 0:04:52]} Bc5+
{[%clk 0:10:21]} 26. Rxc5 {[%clk 0:03:36]} Nxc5 {[%clk 0:10:28]} 27. fxg6
{[%clk 0:03:01]} Rxf1+ {[%clk 0:10:25]} 28. Kxf1 {[%clk 0:03:30]} Qf6+
{[%clk 0:10:42]} 29. Kg2 {[%clk 0:03:56]} hxg6 {[%clk 0:10:44]} 30. Bxa5
{[%clk 0:03:30]} Bf5 {[%clk 0:10:04]} 31. Qf4 {[%clk 0:00:39]} Bh3+
{[%clk 0:02:41]} 32. Kf3 {[%clk 0:01:08]} Bg2+ {[%clk 0:03:04]} 33. Ke3
{[%clk 0:01:23]} Qe7+ {[%clk 0:03:16]} 34. Kd2 {[%clk 0:01:50]} Ne4+
{[%clk 0:03:37]} 35. Ke1 {[%clk 0:02:11]} Nc5+ {[%clk 0:00:53]} 36. Kd2
{[%clk 0:02:34]} Ne6 {[%clk 0:00:35]} 37. Qe5 {[%clk 0:02:35]} Be4
{[%clk 0:00:34]} 38. Bc3 {[%clk 0:02:38]} Kf7 {[%clk 0:00:35]} 39. Bg4
{[%clk 0:02:45]} Bf5 {[%clk 0:00:48]} 40. Bf3 {[%clk 0:02:01]} Qg5+
{[%clk 0:00:37]} 41. Qe3 {[%clk 0:01:42]} d4 {[%clk 0:01:02]} 42. Bxd4
{[%clk 0:01:02]} Nxd4 {[%clk 0:01:21]} 43. Bd5+ {[%clk 0:01:26]} Kf6
{[%clk 0:01:46]} 44. Qxg5+ {[%clk 0:01:51]} Kxg5 {[%clk 0:02:15]} 45. Bxb7
{[%clk 0:02:19]} Kh4 {[%clk 0:00:56]} 46. Kc3 {[%clk 0:02:19]} Ne6
{[%clk 0:01:11]} 47. Kb4 {[%clk 0:01:43]} Kh3 {[%clk 0:01:18]} 48. a4
{[%clk 0:02:11]} Nc7 {[%clk 0:01:14]} 49. Kc5 {[%clk 0:02:15]} Kxh2
{[%clk 0:00:39]} 50. Kd6 {[%clk 0:02:30]} Ne8+ {[%clk 0:00:52]} 51. Ke7
{[%clk 0:02:55]} Bc2 {[%clk 0:00:36]} 52. a5 {[%clk 0:02:33]} Nc7
{[%clk 0:00:59]} 53. Kd6 {[%clk 0:03:00]} Ne8+ {[%clk 0:00:42]} 54. Ke7
{[%clk 0:03:24]} Nc7 {[%clk 0:01:10]} 55. Kd6 {[%clk 0:03:48]} Ne8+
{[%clk 0:00:37]} 56. Ke7 {[%clk 0:04:07]} 1/2-1/2

[Event "15th International Khazar Cup (Masters) 2017"]
[Site "Rasht,Guilan,Iran"]
[Date "2017.01.25"]
[Round "7"]
[Board "3"]
[White "Berkes, Ferenc"]
[Black "Sammalvuo, Tapani"]
[Result "1-0"]
[WhiteElo "2648"]
[BlackElo "2437"]
[PlyCount "0"]
[EventDate "2017.01.20"]
[EventRounds "9"]
[EventCountry "IRI"]

1. d4 {[%clk 1:30:53]} Nf6 {[%clk 1:30:57]} 2. c4 {[%clk 1:31:11]} e6
{[%clk 1:31:24]} 3. Nc3 {[%clk 1:31:35]} Bb4 {[%clk 1:31:48]} 4. Bg5
{[%clk 1:31:56]} c5 {[%clk 1:31:54]} 5. d5 {[%clk 1:32:19]} Bxc3+
{[%clk 1:31:55]} 6. bxc3 {[%clk 1:32:41]} d6 {[%clk 1:32:19]} 7. e3
{[%clk 1:33:00]} Qe7 {[%clk 1:31:47]} 8. Nf3 {[%clk 1:33:09]} h6 {[%clk 1:26:43]}
9. Bh4 {[%clk 1:33:27]} e5 {[%clk 1:23:43]} 10. Qc2 {[%clk 1:30:54]} Nbd7
{[%clk 1:23:44]} 11. Nd2 {[%clk 1:30:33]} e4 {[%clk 1:11:54]} 12. Be2
{[%clk 1:30:38]} g5 {[%clk 1:07:38]} 13. Bg3 {[%clk 1:30:59]} O-O
{[%clk 0:50:33]} 14. h4 {[%clk 1:24:53]} Re8 {[%clk 0:50:38]} 15. hxg5
{[%clk 1:21:37]} hxg5 {[%clk 0:51:06]} 16. O-O-O {[%clk 1:21:48]} Nf8
{[%clk 0:48:45]} 17. Rh6 {[%clk 1:14:18]} Ng6 {[%clk 0:44:39]} 18. Rdh1
{[%clk 1:13:22]} Bf5 {[%clk 0:36:43]} 19. Qd1 {[%clk 0:56:12]} Kg7
{[%clk 0:24:40]} 20. Qg1 {[%clk 0:56:27]} Rad8 {[%clk 0:24:48]} 21. Qh2
{[%clk 0:56:36]} b5 {[%clk 0:18:39]} 22. cxb5 {[%clk 0:55:13]} Nxd5
{[%clk 0:16:16]} 23. Bc4 {[%clk 0:50:54]} Qb7 {[%clk 0:14:55]} 24. Bxd6
{[%clk 0:43:37]} Nh4 {[%clk 0:15:23]} 25. Rxh4 {[%clk 0:40:52]} gxh4
{[%clk 0:15:50]} 26. Bxc5 {[%clk 0:41:11]} h3 {[%clk 0:11:12]} 27. Qg3+
{[%clk 0:38:39]} Bg6 {[%clk 0:11:34]} 28. Rxh3 {[%clk 0:38:00]} Nxc3
{[%clk 0:11:12]} 29. Qg5 {[%clk 0:36:28]} Qc8 {[%clk 0:09:31]} 30. Qh6+
{[%clk 0:26:54]} Kf6 {[%clk 0:10:00]} 31. Nxe4+ {[%clk 0:27:11]} Rxe4
{[%clk 0:08:59]} 32. Rf3+ {[%clk 0:27:35]} Qf5 {[%clk 0:09:03]} 33. Bd4+
{[%clk 0:26:45]} Rdxd4 {[%clk 0:09:22]} 34. Rxf5+ {[%clk 0:27:03]} Kxf5
{[%clk 0:09:48]} 35. exd4 {[%clk 0:27:12]} 1-0

[Event "15th International Khazar Cup (Masters) 2017"]
[Site "Rasht,Guilan,Iran"]
[Date "2017.01.25"]
[Round "7"]
[Board "4"]
[White "Alavi, Sayed Javad"]
[Black "Lupulescu, Constantin"]
[Result "1/2-1/2"]
[WhiteElo "2453"]
[BlackElo "2625"]
[PlyCount "0"]
[EventDate "2017.01.20"]
[EventRounds "9"]
[EventCountry "IRI"]

1. d4 {[%clk 1:30:53]} Nf6 {[%clk 1:30:56]} 2. c4 {[%clk 1:31:05]} e6
{[%clk 1:31:23]} 3. Nf3 {[%clk 1:30:40]} d5 {[%clk 1:31:48]} 4. Nc3
{[%clk 1:30:25]} Bb4 {[%clk 1:31:59]} 5. cxd5 {[%clk 1:29:47]} exd5
{[%clk 1:32:23]} 6. Bg5 {[%clk 1:29:49]} h6 {[%clk 1:32:31]} 7. Bh4
{[%clk 1:29:05]} Nbd7 {[%clk 1:32:35]} 8. e3 {[%clk 1:28:04]} g5 {[%clk 1:32:22]}
9. Bg3 {[%clk 1:28:32]} Ne4 {[%clk 1:32:36]} 10. Nd2 {[%clk 1:24:34]} Nxg3
{[%clk 1:32:00]} 11. hxg3 {[%clk 1:25:03]} c6 {[%clk 1:29:07]} 12. a3
{[%clk 1:21:59]} Bd6 {[%clk 1:23:52]} 13. e4 {[%clk 1:17:01]} dxe4
{[%clk 1:18:20]} 14. Ndxe4 {[%clk 1:17:22]} Nb6 {[%clk 1:18:12]} 15. Qf3
{[%clk 0:56:46]} Be7 {[%clk 1:17:37]} 16. O-O-O {[%clk 0:57:09]} Kf8
{[%clk 1:10:29]} 17. g4 {[%clk 0:53:04]} Be6 {[%clk 1:09:17]} 1/2-1/2

[Event "15th International Khazar Cup (Masters) 2017"]
[Site "Rasht,Guilan,Iran"]
[Date "2017.01.25"]
[Round "7"]
[Board "5"]
[White "Tarlev, Konstantin"]
[Black "Gholami, Aryan"]
[Result "1-0"]
[WhiteElo "2592"]
[BlackElo "2426"]
[PlyCount "0"]
[EventDate "2017.01.20"]
[EventRounds "9"]
[EventCountry "IRI"]

1. d4 {[%clk 1:30:56]} Nf6 {[%clk 1:30:53]} 2. c4 {[%clk 1:31:21]} e6
{[%clk 1:31:01]} 3. Nc3 {[%clk 1:30:13]} Bb4 {[%clk 1:31:02]} 4. e3
{[%clk 1:30:38]} O-O {[%clk 1:30:20]} 5. Bd3 {[%clk 1:31:02]} c5 {[%clk 1:29:36]}
6. Nf3 {[%clk 1:31:27]} b6 {[%clk 1:28:08]} 7. O-O {[%clk 1:31:51]} Bb7
{[%clk 1:27:52]} 8. Na4 {[%clk 1:32:16]} cxd4 {[%clk 1:27:39]} 9. a3
{[%clk 1:32:38]} Be7 {[%clk 1:27:43]} 10. exd4 {[%clk 1:33:04]} d5
{[%clk 1:23:28]} 11. c5 {[%clk 1:29:30]} Nfd7 {[%clk 1:09:08]} 12. b4
{[%clk 1:24:27]} bxc5 {[%clk 1:08:04]} 13. Nxc5 {[%clk 1:04:20]} Nxc5
{[%clk 1:06:55]} 14. dxc5 {[%clk 1:01:58]} Bf6 {[%clk 1:06:22]} 15. Bf4
{[%clk 0:56:23]} Bxa1 {[%clk 0:53:30]} 16. Qxa1 {[%clk 0:47:02]} a6
{[%clk 0:50:30]} 17. Be5 {[%clk 0:36:20]} f6 {[%clk 0:48:34]} 18. Bd6
{[%clk 0:36:16]} Rf7 {[%clk 0:43:25]} 19. Qb1 {[%clk 0:30:53]} g6
{[%clk 0:42:58]} 20. Nd4 {[%clk 0:31:12]} e5 {[%clk 0:40:09]} 21. Bxg6
{[%clk 0:30:52]} hxg6 {[%clk 0:36:23]} 22. Qxg6+ {[%clk 0:31:20]} Rg7
{[%clk 0:36:45]} 23. Qxg7+ {[%clk 0:31:47]} Kxg7 {[%clk 0:37:09]} 24. Ne6+
{[%clk 0:32:15]} Kg6 {[%clk 0:37:31]} 25. Nxd8 {[%clk 0:32:42]} Bc8
{[%clk 0:37:55]} 26. f4 {[%clk 0:32:26]} exf4 {[%clk 0:37:29]} 27. Bxb8
{[%clk 0:29:15]} Rxb8 {[%clk 0:37:45]} 28. Nc6 {[%clk 0:29:42]} Rb7
{[%clk 0:37:51]} 29. Re1 {[%clk 0:30:07]} Bg4 {[%clk 0:36:35]} 30. h3
{[%clk 0:30:12]} Bf5 {[%clk 0:35:46]} 31. Re7 {[%clk 0:28:47]} Rd7
{[%clk 0:34:06]} 32. Rxd7 {[%clk 0:29:15]} Bxd7 {[%clk 0:34:32]} 33. Ne7+
{[%clk 0:29:44]} Kf7 {[%clk 0:34:55]} 34. Nxd5 {[%clk 0:30:12]} Ke6
{[%clk 0:35:16]} 35. Nxf4+ {[%clk 0:30:23]} Ke5 {[%clk 0:35:44]} 36. g3
{[%clk 0:30:17]} Kd4 {[%clk 0:36:05]} 37. h4 {[%clk 0:30:43]} Kd5 1-0

[Event "15th International Khazar Cup (Masters) 2017"]
[Site "Rasht,Guilan,Iran"]
[Date "2017.01.25"]
[Round "7"]
[Board "6"]
[White "Toufighi, Homayoon"]
[Black "Ghaem Maghami, Ehsan"]
[Result "1/2-1/2"]
[WhiteElo "2407"]
[BlackElo "2574"]
[PlyCount "0"]
[EventDate "2017.01.20"]
[EventRounds "9"]
[EventCountry "IRI"]

1. e4 {[%clk 1:30:38]} c5 {[%clk 1:30:40]} 2. Nf3 {[%clk 1:31:02]} e6
{[%clk 1:29:37]} 3. d4 {[%clk 1:28:50]} cxd4 {[%clk 1:29:52]} 4. Nxd4
{[%clk 1:29:16]} Nc6 {[%clk 1:28:53]} 5. Nxc6 {[%clk 1:24:09]} bxc6
{[%clk 1:28:16]} 6. Bd3 {[%clk 1:24:36]} Nf6 {[%clk 1:24:19]} 7. O-O
{[%clk 1:22:25]} d5 {[%clk 1:21:42]} 8. Nd2 {[%clk 1:22:23]} Bd6 {[%clk 1:15:11]}
9. Qe2 {[%clk 1:20:46]} Qc7 {[%clk 1:14:32]} 10. Nf3 {[%clk 1:18:11]} dxe4
{[%clk 0:59:32]} 11. Bxe4 {[%clk 1:17:49]} Nxe4 {[%clk 0:58:32]} 12. Qxe4
{[%clk 1:18:16]} O-O {[%clk 0:56:49]} 13. Rd1 {[%clk 1:18:07]} f6
{[%clk 0:52:58]} 14. Qc4 {[%clk 1:12:49]} Rb8 {[%clk 0:47:34]} 15. b3
{[%clk 1:10:38]} Rb5 {[%clk 0:42:39]} 16. Be3 {[%clk 1:09:55]} Rd5
{[%clk 0:41:11]} 17. Qa4 {[%clk 1:02:07]} c5 {[%clk 0:39:33]} 18. c4
{[%clk 0:55:12]} Rxd1+ {[%clk 0:34:40]} 19. Rxd1 {[%clk 0:55:26]} Bb7
{[%clk 0:34:51]} 20. Kf1 {[%clk 0:55:17]} Rd8 {[%clk 0:29:46]} 21. Ke2
{[%clk 0:51:42]} h6 {[%clk 0:26:26]} 22. h3 {[%clk 0:50:10]} Kf7 {[%clk 0:22:59]}
23. Bd2 {[%clk 0:44:50]} Rd7 {[%clk 0:16:33]} 24. Be3 {[%clk 0:34:05]} Rd8
{[%clk 0:16:15]} 25. Bd2 {[%clk 0:34:13]} Rd7 {[%clk 0:15:55]} 26. Be3
{[%clk 0:34:31]} 1/2-1/2

[Event "15th International Khazar Cup (Masters) 2017"]
[Site "Rasht,Guilan,Iran"]
[Date "2017.01.25"]
[Round "7"]
[Board "8"]
[White "Zubov, Alexander"]
[Black "Khademi, Mohammad Miran"]
[Result "1-0"]
[WhiteElo "2606"]
[BlackElo "2315"]
[PlyCount "0"]
[EventDate "2017.01.20"]
[EventRounds "9"]
[EventCountry "IRI"]

1. d4 {[%clk 1:30:57]} g6 {[%clk 1:29:21]} 2. e4 {[%clk 1:30:09]} Bg7
{[%clk 1:29:41]} 3. Nf3 {[%clk 1:28:37]} c6 {[%clk 1:28:37]} 4. c4
{[%clk 1:26:19]} d6 {[%clk 1:28:13]} 5. h3 {[%clk 1:25:00]} Qc7 {[%clk 1:25:09]}
6. Nc3 {[%clk 1:23:02]} e5 {[%clk 1:24:52]} 7. d5 {[%clk 1:23:08]} c5
{[%clk 1:25:05]} 8. b4 {[%clk 1:20:23]} Na6 {[%clk 1:24:34]} 9. a3
{[%clk 1:20:17]} Nf6 {[%clk 1:23:48]} 10. Rb1 {[%clk 1:18:11]} O-O
{[%clk 1:18:01]} 11. Be2 {[%clk 1:14:47]} Ne8 {[%clk 1:15:41]} 12. h4
{[%clk 1:14:13]} f5 {[%clk 1:12:39]} 13. h5 {[%clk 1:12:00]} Qe7 {[%clk 1:12:56]}
14. hxg6 {[%clk 1:06:48]} hxg6 {[%clk 1:08:50]} 15. b5 {[%clk 1:01:47]} Nb8
{[%clk 1:08:51]} 16. Ng5 {[%clk 1:00:02]} f4 {[%clk 1:05:39]} 17. Bg4
{[%clk 0:45:53]} Qxg5 {[%clk 1:05:13]} 18. Bxc8 {[%clk 0:46:16]} Qxg2
{[%clk 1:05:35]} 19. Ke2 {[%clk 0:41:26]} Rf7 {[%clk 0:54:39]} 20. Rg1
{[%clk 0:30:46]} Qh2 {[%clk 0:53:23]} 21. Qf1 {[%clk 0:30:13]} Nc6
{[%clk 0:45:26]} 22. Bh3 {[%clk 0:28:20]} Nd4+ {[%clk 0:37:51]} 23. Kd3
{[%clk 0:28:36]} Bf6 {[%clk 0:30:34]} 24. Rh1 {[%clk 0:28:06]} Qxh1
{[%clk 0:30:56]} 25. Qxh1 {[%clk 0:28:34]} Rh7 {[%clk 0:31:19]} 26. Qg2
{[%clk 0:26:01]} Ng7 {[%clk 0:30:47]} 27. Bg4 {[%clk 0:22:42]} Kf7
{[%clk 0:31:01]} 28. b6 {[%clk 0:17:37]} axb6 {[%clk 0:21:48]} 29. Rxb6
{[%clk 0:16:03]} Rah8 {[%clk 0:22:06]} 30. Be6+ {[%clk 0:15:38]} Kf8
{[%clk 0:10:56]} 31. Rxb7 {[%clk 0:13:35]} Ndxe6 {[%clk 0:04:51]} 32. Qxg6
{[%clk 0:12:16]} 1-0

[Event "15th International Khazar Cup (Masters) 2017"]
[Site "Rasht,Guilan,Iran"]
[Date "2017.01.25"]
[Round "7"]
[Board "9"]
[White "Morchiashvili, Bachana"]
[Black "Maghsoodloo, Parham"]
[Result "1-0"]
[WhiteElo "2419"]
[BlackElo "2584"]
[PlyCount "0"]
[EventDate "2017.01.20"]
[EventRounds "9"]
[EventCountry "IRI"]

1. d4 {[%clk 1:30:58]} Nf6 {[%clk 1:30:49]} 2. c4 {[%clk 1:31:22]} g6
{[%clk 1:31:09]} 3. f3 {[%clk 1:31:45]} d5 {[%clk 1:31:32]} 4. cxd5
{[%clk 1:32:09]} Nxd5 {[%clk 1:31:58]} 5. e4 {[%clk 1:32:34]} Nb6
{[%clk 1:32:24]} 6. Nc3 {[%clk 1:32:55]} Bg7 {[%clk 1:32:30]} 7. Be3
{[%clk 1:33:20]} O-O {[%clk 1:32:55]} 8. Qd2 {[%clk 1:33:32]} e5 {[%clk 1:32:25]}
9. d5 {[%clk 1:32:33]} c6 {[%clk 1:32:34]} 10. O-O-O {[%clk 1:27:53]} cxd5
{[%clk 1:33:02]} 11. exd5 {[%clk 1:28:14]} N8d7 {[%clk 1:33:30]} 12. h4
{[%clk 1:26:25]} Nf6 {[%clk 1:33:53]} 13. h5 {[%clk 1:22:31]} Bd7
{[%clk 1:26:27]} 14. hxg6 {[%clk 1:09:17]} fxg6 {[%clk 1:24:42]} 15. Nh3
{[%clk 1:08:15]} Rc8 {[%clk 1:22:15]} 16. Kb1 {[%clk 1:06:53]} e4
{[%clk 1:19:48]} 17. Ng5 {[%clk 1:02:41]} exf3 {[%clk 1:19:31]} 18. d6
{[%clk 0:59:09]} Re8 {[%clk 1:01:47]} 19. gxf3 {[%clk 0:51:21]} Rxc3
{[%clk 0:51:08]} 20. Bxb6 {[%clk 0:41:49]} Qxb6 {[%clk 0:50:56]} 21. Qxc3
{[%clk 0:41:48]} Ne4 {[%clk 0:49:40]} 22. Bc4+ {[%clk 0:41:01]} Re6
{[%clk 0:47:23]} 23. Bxe6+ {[%clk 0:40:13]} Bxe6 {[%clk 0:47:47]} 24. Qxg7+
{[%clk 0:40:37]} Kxg7 {[%clk 0:48:13]} 25. Nxe6+ {[%clk 0:41:03]} Kf7
{[%clk 0:47:26]} 26. fxe4 {[%clk 0:40:59]} 1-0